000
00259nam a2200097Ia 4500
001
690952
005
20250826161826.0
008
250824s9999 xx 000 0 und d
245
0
_a
HİÇBİRŞEYDEN HERŞEY MÜMKÜNDÜR
_c
MİNE ÖLMEZ
260
_b
DESTEK YAYINLARI
999
_c
690952
_d
690952